000 00772nam a22002417a 4500
003 UA-OsUOA
001 22013
007 ta
008 20031216b un ||||| |||| 00| 0 ukr d
090 _a008(091)(477)"654"
_bК90
942 _cBK
040 _aUA-OsUOA
_bukr
_cUA-OsUOA
_dUA-OsUOA
245 _aКультурне будівницво в Українській РСР (червень 1945-1950)
_bЗбірник документів і матеріалів
_cСост. А.І.Бичкова В.М.Даниленко
300 _a573 с.
955 _a0
041 _aukr
080 _a008(091)(477)"654"
020 _a5-12-0000681-7
260 _aКиїв
_bНаукова думка
_c1989
044 _aUA
650 7 _2UDC
999 _c308224
_d308224